Biathlon-Weltmeister der Männer - Statistiken

Allgemein
  • Dieses Quiz wurde 459 mal gespielt
  • Das Durchschnittsergebnis liegt bei 73 aus 162
Antwortstatistiken
Jahr Disziplin Sieger % Korrekt
2011 Einzel Tarjei Boe (NOR)
86%
Sprint Johannes Thignes Boe (NOR)
85%
Massenstart Johannes Thignes Boe (NOR)
85%
Sprint Ole Einar Björndalen (NOR)
85%
Massenstart Ole Einar Björndalen (NOR)
85%
Sprint Ole Einar Björndalen (NOR)
85%
Verfolgung Ole Einar Björndalen (NOR)
85%
Massenstart Ole Einar Björndalen (NOR)
85%
Sprint Ole Einar Björndalen (NOR)
85%
Verfolgung Ole Einar Björndalen (NOR)
85%
Verfolgung Ole Einar Björndalen (NOR)
85%
2009 Einzel Ole Einar Björndalen (NOR)
85%
Sprint Ole Einar Björndalen (NOR)
85%
Verfolgung Ole Einar Björndalen (NOR)
85%
Verfolgung Martin Fourcade (FRA)
83%
Sprint Martin Fourcade (FRA)
83%
Verfolgung Martin Fourcade (FRA)
83%
Massenstart Martin Fourcade (FRA)
83%
2013 Einzel Martin Fourcade (FRA)
83%
2015 Einzel Martin Fourcade (FRA)
83%
2016 Einzel Martin Fourcade (FRA)
83%
Sprint Martin Fourcade (FRA)
83%
Verfolgung Martin Fourcade (FRA)
83%
Verfolgung Martin Fourcade (FRA)
83%
Staffel Deutschland
72%
Staffel Deutschland
72%
Staffel Deutschland
72%
Staffel Deutschland
72%
Staffel Deutschland
72%
Mixed-Staffel Deutschland
72%
2010 Mixed-Staffel Deutschland
72%
Staffel Deutschland
72%
Mixed-Staffel Deutschland
72%
Staffel Norwegen
72%
Staffel Norwegen
72%
Staffel Norwegen
72%
Staffel Norwegen
72%
Staffel Norwegen
72%
Mixed-Staffel Norwegen
72%
Staffel Norwegen
72%
Mixed-Staffel Norwegen
72%
Staffel Norwegen
72%
Mixed-Staffel Norwegen
72%
Staffel Norwegen
72%
1999 Einzel Sven Fischer (GER)
70%
Massenstart Sven Fischer (GER)
70%
Staffel Frankreich
69%
Mixed-Staffel Frankreich
69%
Mixed-Staffel Frankreich
69%
Sprint Arnd Peiffer (GER)
67%
Staffel Russland
66%
Staffel Russland
66%
Mixed-Staffel Russland
66%
2006 Mixed-Staffel Russland
66%
Staffel Russland
66%
Staffel Russland
66%
Staffel Russland
66%
Mixed-Staffel Schweden
66%
Massenstart Simon Schempp (GER)
62%
Sprint Benedikt Doll (GER)
61%
1997 Einzel Ricco Groß (GER)
58%
Verfolgung Ricco Groß (GER)
58%
Verfolgung Ricco Groß (GER)
58%
Verfolgung Ricco Groß (GER)
58%
2008 Einzel Emil Hegle Svendsen (NOR)
56%
Massenstart Emil Hegle Svendsen (NOR)
56%
Massenstart Emil Hegle Svendsen (NOR)
56%
Sprint Emil Hegle Svendsen (NOR)
56%
Verfolgung Emil Hegle Svendsen (NOR)
56%
Massenstart Michael Greis (GER)
56%
Verfolgung Erik Lesser (GER)
54%
Staffel Italien
53%
Staffel Italien
53%
Massenstart Raphael Poirée (FRA)
50%
Massenstart Raphael Poirée (FRA)
50%
2004 Einzel Raphael Poirée (FRA)
50%
Sprint Raphael Poirée (FRA)
50%
Massenstart Raphael Poirée (FRA)
50%
2007 Einzel Raphael Poirée (FRA)
50%
Staffel Finnland
45%
Sprint Frank Luck (DDR)
44%
Sprint Frank Luck (GER)
44%
Verfolgung Frank Luck (GER)
44%
Mixed-Staffel Tschechien
40%
2012 Einzel Jakov Fak (SLO)
38%
Massenstart Jakov Fak (SLO)
38%
Staffel DDR
36%
Staffel DDR
36%
Staffel DDR
36%
Staffel DDR
36%
Staffel DDR
36%
Staffel DDR
36%
Sprint Mark Kirchner (DDR)
36%
1991 Einzel Mark Kirchner (GER)
36%
Sprint Mark Kirchner (GER)
36%
Sprint Mark Kirchner (GER)
36%
Sprint Frank Ullrich (DDR)
32%
Sprint Frank Ullrich (DDR)
32%
Sprint Frank Ullrich (DDR)
32%
1982 Einzel Frank Ullrich (DDR)
32%
1983 Einzel Frank Ullrich (DDR)
32%
Staffel Sowjetunion
32%
Staffel Sowjetunion
32%
Staffel Sowjetunion
32%
Staffel Sowjetunion
32%
Staffel Sowjetunion
32%
Staffel Sowjetunion
32%
Staffel Sowjetunion
32%
Staffel Sowjetunion
32%
Staffel Sowjetunion
32%
Massenstart Dominik Landertinger (AUT)
31%
2003 Einzel Halvard Hanevold (NOR)
24%
2017 Einzel Lowell Bailey (USA)
24%
Sprint Frode Andresen (NOR)
21%
Staffel Weißrussland
21%
Sprint Frank-Peter Roetsch (DDR)
20%
1987 Einzel Frank-Peter Roetsch (DDR)
20%
Sprint Frank-Peter Roetsch (DDR)
20%
1993 Einzel Andreas Zingerle (ITA)
14%
1995 Einzel Tomasz Sikora (POL)
14%
2000 Einzel Wolfgang Rottmann (AUT)
14%
Sprint Eirik Kvalfoss (NOR)
13%
Sprint Eirik Kvalfoss (NOR)
13%
1989 Einzel Eirik Kvalfoss (NOR)
13%
2001 Einzel Paavo Puurunen (FIN)
13%
Sprint Willfried Pallhuber (ITA)
12%
1971 Einzel Dieter Speer (DDR)
11%
1979 Einzel Klaus Siebert (DDR)
11%
1958 Einzel Adolf Wiklund (SWE)
10%
1975 Einzel Heikki Ikola (FIN)
10%
1977 Einzel Heikki Ikola (FIN)
10%
1981 Einzel Heikki Ikola (FIN)
10%
Sprint Maxim Tschudow (RUS)
10%
1986 Einzel Waleri Medwedzew (UdSSR)
10%
Sprint Waleri Medwedzew (UdSSR)
10%
1990 Einzel Waleri Medwedzew (UdSSR)
10%
Verfolgung Wiktor Maigurow (RUS)
10%
1967 Einzel Wiktor Mamatow (UdSSR)
10%
Sprint Wladimir Dratschow (RUS)
10%
1998 Verfolgung Wladimir Dratschow (RUS)
10%
1969 Einzel Alexander Tichonow (UdSSR)
9%
1970 Einzel Alexander Tichonow (UdSSR)
9%
1973 Einzel Alexander Tichonow (UdSSR)
9%
1976 Sprint Alexander TIchonow (UdSSR)
9%
Sprint Alexander TIchonow (UdSSR)
9%
1966 Einzel Jon Istad (NOR)
9%
2005 Einzel Roman Dostal (CZE)
9%
1959 Einzel Wladimir Melanin (UdSSR)
9%
1962 Einzel Wladimir Melanin (UdSSR)
9%
1963 Einzel Wladimir Melanin (UdSSR)
9%
Sprint Nikolai Kruglow (UdSSR)
8%
1978 Einzel Odd Lirhus (NOR)
8%
1965 Einzel Olav Jordet (NOR)
8%
Sprint Pawel Rostowzew (RUS)
8%
Verfolgung Pawel Rostowzew (RUS)
8%
1974 Einzel Juhani Suutarinen (FIN)
7%
Sprint Juhani Suutarinen (FIN)
7%
1961 Einzel Kalevi Huskonen (FIN)
7%
1996 Einzel Sergei Tarassow (RUS)
6%
1985 Einzel Juri Kaschkarow (UdSSR)
5%
Sprint Patrice Bailly-Salins (FRA)
5%
Massenstart Tarjei Boe (NOR)
0%
Keine übereinstimmenden Quizze gefunden
Verteilung der Resultate
Anzahl Personen mit jedem Resultat
Perzentil nach korrekt beantworteten Fragen
Ihre Resultats-Entwicklung
Sie haben dieses Quiz noch nicht gespielt